| 000 | 01229 a2200181 4500 | ||
|---|---|---|---|
| 020 | _a0761931856 (paperback) | ||
| 020 | _a9780761931850 (paperback) | ||
| 082 | 0 | 4 | _a005.55 |
| 090 |
_c4098 _d4098 |
||
| 100 | 1 | _aBoslaugh, Sarah. | |
| 245 | 1 | 3 |
_aAn intermediate guide to spss programming : _busing syntax for data management / _cSarah Boslaugh. |
| 250 | _a1st ed. | ||
| 260 |
_a[S.l.] : _bSage Publications, Inc, _c2004. |
||
| 300 |
_a248 p. ; _c23 cm. |
||
| 520 | _aAn Intermediate Guide to SPSS Programming: Using Syntax for Data Management introduces the major tasks of data management and presents solutions using SPSS syntax. This book fills an important gap in the education of many students and researchers, whose coursework has left them unprepared for the data management issues that confront them when they begin to do independent research. It also serves as an introduction to SPSS programming. All the basic features of SPSS syntax are illustrated, as are many intermediate and advanced topics such as using vectors and loops, reading complex data files, and using the SPSS macro language. | ||
| 856 | 4 | 0 |
_3Amazon.com _uhttp://www.amazon.com/exec/obidos/ASIN/0761931856/chopaconline-20 |
| 942 |
_aNBS _cBK _k005.55 BOS |
||
| 999 |
_c346554 _d346554 |
||